|
|
|
|
| LEADER |
02806nam a22003853i 4500 |
| 001 |
EBC7101398 |
| 003 |
MiAaPQ |
| 005 |
20240729202204.0 |
| 006 |
m o d | |
| 007 |
cr cnu|||||||| |
| 008 |
240729s2015 xx o ||||0 ger d |
| 020 |
|
|
|a 9783428574834
|q (electronic bk.)
|
| 020 |
|
|
|z 9783428174836
|
| 035 |
|
|
|a (MiAaPQ)EBC7101398
|
| 035 |
|
|
|a (Au-PeEL)EBL7101398
|
| 035 |
|
|
|a (OCoLC)1348483460
|
| 040 |
|
|
|a MiAaPQ
|b eng
|e rda
|e pn
|c MiAaPQ
|d MiAaPQ
|
| 100 |
1 |
|
|a Socialpolitik, Verein für.
|
| 245 |
1 |
0 |
|a Verhandlungen des Vereins Für Sozialpolitik in Kiel 1920 :
|b Die Reform der Staatswissenschaftlichen Studien, 2. Teil. (Verhandlungen der Außerordentl. Generalversammlung in Kiel, 21. Bis 23. September 1920). Auf Grund der Stenograph. Niederschrift Hrsg. Vom Vorstande. (Schriften des Vereins Für Sozialpolitik 161).
|
| 250 |
|
|
|a 1st ed.
|
| 264 |
|
1 |
|a Berlin :
|b Duncker & Humblot,
|c 2015.
|
| 264 |
|
4 |
|c {copy}1921.
|
| 300 |
|
|
|a 1 online resource (269 pages)
|
| 336 |
|
|
|a text
|b txt
|2 rdacontent
|
| 337 |
|
|
|a computer
|b c
|2 rdamedia
|
| 338 |
|
|
|a online resource
|b cr
|2 rdacarrier
|
| 490 |
1 |
|
|a Duncker and Humblot Reprints Series
|
| 505 |
0 |
|
|a Intro -- Inhaltsverzeichnis -- Verzeichnis der Redner -- Erster Verhandlungstag. Dienstag, den 21. September, 9 1/2 Uhr vormittags -- Reform der staatswissenschaftlichen Studien. A. Bericht von Professor Dr. Jastrow-Berlin -- Reform der staatswissenschaftlichen Studien. B. Bericht von Staatsminister Exzellenz Dr. Drews -- Reform der staatswissenschaftlichen Studien. C. Bericht von Geheimer Regierungsrat Professor Dr. Schumacher-Berlin -- Reform der staatswissenschaftlichen Studien. D. Bericht von Generaldirektor Piatscheck-Äalle -- Allgemeine Aussprache -- Zweiter Verhandlungstag. Mittwoch, den 22. September, 9 Uhr vormittags -- Allgemeine Aussprache -- Satzungsänderung -- Besondere Aussprache -- Dritter Verhandlungstag. Donnerstag, den 23. September, 9 Uhr vormittags -- Besondere Aussprache -- Schlußwort von Geh. Regierungsrat Professor Dr. Schumacher -- Schlußwort von Staatsminister Exzellenz Dr. Drews -- Schlußwort von Professor Dr. Jastrow.
|
| 588 |
|
|
|a Description based on publisher supplied metadata and other sources.
|
| 590 |
|
|
|a Electronic reproduction. Ann Arbor, Michigan : ProQuest Ebook Central, 2024. Available via World Wide Web. Access may be limited to ProQuest Ebook Central affiliated libraries.
|
| 655 |
|
4 |
|a Electronic books.
|
| 776 |
0 |
8 |
|i Print version:
|a Socialpolitik, Verein für
|t Verhandlungen des Vereins Für Sozialpolitik in Kiel 1920
|d Berlin : Duncker & Humblot,c2015
|z 9783428174836
|
| 797 |
2 |
|
|a ProQuest (Firm)
|
| 830 |
|
0 |
|a Duncker and Humblot Reprints Series
|
| 856 |
4 |
0 |
|u https://ebookcentral.proquest.com/lib/matrademy/detail.action?docID=7101398
|z Click to View
|